• 首页
  • 本馆介绍
  • 公告通知
  • 最新文献
  • 馆藏检索
  • 电子资源
  • 读者导购
  • 参考咨询
  • 我的图书馆
  • 登录
  • 详细信息显示
  • 放入我的书架
  • 预约/预借图书
  • 作者相关作品
  • 分类相关作品
  • 丛书相关作品
  • 出版社相关作品

书目信息

  • 表格格式
  • 工作单格式
  • 卡片格式
题名:
磁带录音机
    
 
作者: ;电子工业部电声专业情报网 编译
分册:  
出版信息: 上海   上海科学技术出版社  1983
页数: 327页
开本: 25cm
丛书名:
单 册:
中图分类: TN912.22 , TN646
科图分类:
主题词: 磁带录音机 , 电声器件
电子资源:
ISBN:
000 00792nam0 2200265 45
001 0183005104
005 20070926144932.31
010    @dCNY1.70
091    @aCN@b15119.2276
100    @a19950930d1983 em y0chiy0121 ea
101 1  @achi
102    @aCN@b310000
105    @ay z 000yy
200 10 @a磁带录音机@Aci dai lu yin ji@e原理·调试·使用@f电子工业部电声专业科技情报网编译
210    @a上海@c上海科学技术出版社@d1983
215    @a327页@d25cm
517 1  @a原理调试使用@Ayuan li tiao shi shi yong
606    @a磁带录音机
606 0  @a电声器件
690    @aTN912.22@v3 
690    @aTN646@v3
711 02 @a电子工业部电声专业情报网@Adian zi gong ye bu dian sheng zhuan ye qing bao wang@4编译
801  2 @aCN@bNLC@c20070926
801  0 @aCN@bTSSF
905    @a10447@dTN646@e67
    
    磁带录音机:原理·调试·使用/电子工业部电声专业科技情报网编译.-上海:上海科学技术出版社,1983
    327页;25cm
    
    
    ISBN :CNY1.70
    
●
相关链接 在E读中查询图书 在五车中查询图书 在当当中查询图书 在豆瓣中查询图书


正题名:磁带录音机     索取号:TN646/67         预约/预借

序号 登录号 条形码 馆藏地/架位号 状态 备注
1 0609823   206098239   第二样本阅览室/ [索取号:TN646/67] 在馆    
唐山师范学院图书馆 欢迎您!
大连网信软件有限公司© 版权所有